En Yakın Altı Başkent - Atina - Statistics

General Stats
  • This quiz has been taken 152 times
  • The average score is 3 of 6
Answer Stats
km başkent % Correct
527 Sofya
92%
490 Üsküp
60%
502 Tiran
59%
745 Bükreş
25%
565 Priştine
15%
626 Podgorica
6%
No matching quizzes found
Score Distribution
Percent of People with Each Score
Percentile by Number Answered
Your Score History
You have not taken this quiz